II Congreso Iberoamericano de Urología (Record no. 22701)

MARC details
000 -LEADER
campo de control de longitud fija 00835nam a2200217 i 4500
001 - NÚMERO DE CONTROL
campo de control 22701
003 - IDENTIFICADOR DE NÚMERO DE CONTROL
campo de control ES-MaACL
005 - FECHA Y HORA DE LA ÚLTIMA TRANSACCIÓN
campo de control 20230906152737.0
007 - CAMPO FIJO DE DESCRIPCIÓN FÍSICA--INFORMACIÓN GENERAL
campo de control de longitud fija t|
008 - DATOS DE LONGITUD FIJA--INFORMACIÓN GENERAL
campo de control de longitud fija 021204s1973 sp ||||1| spa d
111 2# - ENTRADA PRINCIPAL--NOMBRE DE CONGRESO/REUNIÓN
Nombre de congreso/reunión o jurisdicción como elemento de entrada Congreso Iberoamericano de Urología (
Número del congreso/reunión o número de parte o sección 2º.
Fecha del congreso o de la firma del tratado 1973.
Sede del congreso/Lugar de la reunión San Sebastián)
9 (RLIN) 396
245 10 - MENCIÓN DEL TÍTULO
Título II Congreso Iberoamericano de Urología
Resto del título : San Sebastián, junio 1973.
260 ## - PUBLICACIÓN, DISTRIBUCIÓN, ETC.
Lugar de publicación, distribución, etc. [Zaragoza :
Nombre del editor, distribuidor, etc. Asociación Española de Urología,
Fecha de publicación, distribución, etc. 1973]
300 ## - DESCRIPCIÓN FÍSICA
Extensión 228 p. :
Otras características físicas il. ;
Dimensiones 27 cm.
490 1# - MENCIÓN DE SERIE
Mención de serie Actas de la Asociación Española de Urología ;
Designación de volumen o secuencia t. V. n. 1
650 14 - PUNTO DE ACCESO ADICIONAL DE MATERIA--TÉRMINO DE MATERIA
Término de materia o nombre geográfico como elemento de entrada Urología-
Subdivisión de forma Congresos y asambleas.
9 (RLIN) 17716
710 00 - ENTRADA AGREGADA--NOMBRE DE ENTIDAD CORPORATIVA
Nombre de entidad corporativa o nombre de jurisdicción como elemento de entrada Asociación Española de Urología.
9 (RLIN) 1684
830 0# - PUNTO DE ACCESO ADICIONAL DE SERIE-TÍTULO UNIFORME
Título uniforme Actas de la Asociación Española de Urología ;
Designación de volumen o secuencia t. V. n. 1
9 (RLIN) 180807
852 ## - LOCALIZACIÓN
Ubicación ES-MaACL
Número de control de estantería P-1494 bis
Holdings
Estatus retirado Estado de pérdida Estado de daño No para préstamo Biblioteca de origen Biblioteca actual Ubicación en estantería Fecha de adquisición Fuente de adquisición Total de préstamos Signatura topográfica completa Código de barras Visto por última vez Precio de reemplazo Tipo de ítem Koha
        Biblioteca del Ateneo de Madrid Biblioteca del Ateneo de Madrid Depósito 2 17/01/2008     P-1494 bis 1023372 23/02/2023 23/02/2023 Libro impreso